| 000 | 00621nam a2200205 4500 | ||
|---|---|---|---|
| 001 | 126797 | ||
| 003 | ES-MaACL | ||
| 005 | 20251011063131.0 | ||
| 007 | t| | ||
| 008 | 070214s1957 sp r ||||1| cat d | ||
| 100 | 1 |
_aRiba, Carles, _d1893-1959 _996698 |
|
| 245 | 1 | 0 |
_aMés els poemes _b: notes sobre poetes i poesia / _cCarles Riba ; próleg de Josef Romeu. |
| 260 |
_aBarcelona : _bJoaquín Horta, _c1957. |
||
| 300 |
_a189 p. ; _c19 cm. |
||
| 490 | 1 |
_aSigne ; _v5 |
|
| 700 | 1 |
_aRomeu, Josef. _999458 |
|
| 830 | 0 |
_aSigne ; _v5 _9186687 |
|
| 852 |
_aES-MaACL _jC-13869 _bR.41678 |
||
| 999 |
_c126797 _d126797 |
||